00676nam a2200265Ia 4500008004100000020002200041050001100063050001400074100002700088245002900115245001400144245003000158260001200188260001700200260000900217300001500226300002600241300001000267440003300277500002000310650001700330650004000347700001200387700001100399171120s9999 xx 000 0 und d a9.7818481013e+012 a599.14 bB412 2009 aBedoyere, Camilla dela aWhy are mammals furry? : bmammals / cby Camilla dela Bedoyere. aEssex : bMiles Kelly, c2009 a32 pages : bcolor illustrations ; c29cm. aFirst questions and answers. aIncludes index. aMammals --  xMiscellanea -- Juvenile literature. aSeries. aTitle.